| 000 | 00396cam a2200169 4500 | ||
|---|---|---|---|
| 001 | D14353 | ||
| 008 | 090401t1900 xxu||||| |||| 00| 0 eng d | ||
| 035 | _a(Sirsi) u15015 | ||
| 041 | _aeng | ||
| 100 | _aWalmisley, Arthur Thomas | ||
| 245 | _aLand surveying and levelling | ||
| 260 |
_aLondon _bD Fourdriner _c1900 |
||
| 350 | _a0 | ||
| 520 | _aShelf 136 | ||
| 942 | _n0 | ||
| 948 | _c04/03/1997 | ||
| 999 |
_c87239 _d87239 |
||